| 000 | 00360nam a2200121Ia 4500 | ||
|---|---|---|---|
| 008 | 220901s9999||||xx |||||||||||||| ||und|| | ||
| 082 | _a621.38145 SAT | ||
| 100 | _aSatpathy, R.N | ||
| 245 | 0 | _aInternational journal of network and mobile technologies | |
| 250 | _aVol. 11 Issue 1 & 2 | ||
| 260 |
_bInternational Science Press _c2021 |
||
| 650 | _aMobile network | ||
| 999 |
_c194107 _d194107 |
||